| 000 | 00769nam a2200253 a 4500 | ||
|---|---|---|---|
| 005 | 20210219153303.0 | ||
| 008 | 991125n 000 0 u | ||
| 035 | _aUPN01000088630 | ||
| 100 | _aAllen, Linda | ||
| 222 | _aJOURNAL OF EDUCATIONAL PSYCHOLOGY | ||
| 245 | _aMultiple indicators of children's reading habits and attitudes : construct validity and cognitive correlates | ||
| 300 | _a489-503 | ||
| 362 | _a84, No. 4, 1992 | ||
| 505 | _aMayo 1993 | ||
| 653 | 0 | _aACTITUDES DEL ESTUDIANTE | |
| 653 | 0 | _aCONSTRUIR VALIDEZ | |
| 653 | 0 | _aESTUDIANTES DE LA ESCUELA ELEMENTAL | |
| 653 | 0 | _aHABITOS DE LECTURA | |
| 653 | 0 | _aLISTA DE CUADRO | |
| 700 | _aCipielewski, Jim | ||
| 700 | _aStanovich, Keith E. | ||
| 904 |
_aAC _b026441 |
||
| 905 | _aArticulo | ||
| 999 |
_c73129 _d73129 |
||